Southville International School and Colleges
Your cart is empty.
  • Cart
  • Lists
    Public lists Eva Luna New books Lux_list list_1
    Your lists Log in to create your own lists
  • Log in to your account
  • Your cookies
  • Search history
Southville International School and Colleges
  • Advanced search
  • Recent comments
  • Most popular
  • Libraries

Log in to your account

Log in with GOOGLE


If you do not have an external account, but do have a local account, you can still log in:

  1. Home
  2. MARC view: Tales from the Arabian Nights /
Normal view MARC view ISBD view

Tales from the Arabian Nights / (Record no. 306540)

[ view plain ]
MARC details
000 -LEADER
fixed length control field 00578nam a2200241Ia 4500
008 - FIXED-LENGTH DATA ELEMENTS--GENERAL INFORMATION
fixed length control field 170203s9999 xx 000 0 und d
020 ## - INTERNATIONAL STANDARD BOOK NUMBER
International Standard Book Number 0-861631501
050 ## - LIBRARY OF CONGRESS CALL NUMBER
Classification number Fic
050 ## - LIBRARY OF CONGRESS CALL NUMBER
Item number T143
245 ## - TITLE STATEMENT
Title Tales from the Arabian Nights /
260 ## - PUBLICATION, DISTRIBUTION, ETC. (IMPRINT)
Place of publication, distribution, etc London :
260 ## - PUBLICATION, DISTRIBUTION, ETC. (IMPRINT)
Name of publisher, distributor, etc Award Publications Ltd.
260 ## - PUBLICATION, DISTRIBUTION, ETC. (IMPRINT)
Date of publication, distribution, etc 1983
300 ## - PHYSICAL DESCRIPTION
Extent 48 pages :
300 ## - PHYSICAL DESCRIPTION
Dimensions 27 cm.
440 ## - SERIES STATEMENT/ADDED ENTRY--TITLE
Title Easy to Read & Colour.
650 ## - SUBJECT ADDED ENTRY--TOPICAL TERM
Topical term or geographic name as entry element Arabs --
650 ## - SUBJECT ADDED ENTRY--TOPICAL TERM
Topical term or geographic name as entry element Fairy tales --
650 ## - SUBJECT ADDED ENTRY--TOPICAL TERM
Topical term or geographic name as entry element Tales --
650 ## - SUBJECT ADDED ENTRY--TOPICAL TERM
General subdivision Arab countries.
650 ## - SUBJECT ADDED ENTRY--TOPICAL TERM
General subdivision Arab countries.
650 ## - SUBJECT ADDED ENTRY--TOPICAL TERM
General subdivision Folklore.
Holdings
Withdrawn status Lost status Damaged status Home library Current library Shelving location Date acquired Total Checkouts Full call number Barcode Date last seen Price effective from Koha item type
      Stonyhurst Southville International School (Batangas) Stonyhurst Southville International School (Batangas)   02/03/2017   Fic .T143 LS-0911 02/03/2017 02/03/2017 Books

Tales from the Arabian Nights /

APA

Tales from the Arabian Nights. London: .

Chicago

Tales from the Arabian Nights. London: .

Harvard

Tales from the Arabian Nights. London: .

MLA

London: . .

  • Place hold
  • Print
  • Cite
  • Add to your cart (remove)
  • Save record
    BIBTEX Dublin Core MARCXML MARC (non-Unicode/MARC-8) MARC (Unicode/UTF-8) MARC (Unicode/UTF-8, Standard) MODS (XML) RIS
  • More searches
    Search for this title in:
    Other Libraries (WorldCat) Other Databases (Google Scholar) Online Stores (Bookfinder.com) Open Library (openlibrary.org)

Exporting to Dublin Core...

SOUTHVILLE LIBRARY

Southville International School and Colleges Library

1281 Tropical Ave. Cor. Luxembourg St., BF Homes International, Las Pinas City

Tel. No. 8256374 / 252358 Loc. 117/146

Powered by Koha